Communes de Saône-et-Loire (71) de plus de 10000 habitants - Statistiques

Statistiques générales
  • Ce quiz a été pris 62 fois
  • Le résultat moyen est 4 sur 5
Statistiques - réponses
Habitants Communes % Correct
34759 (préfecture) Mâcon
100%
44592 Chalon-sur-Saône
90%
20536 Le Creusot
79%
16946 Montceau-les-Mines
73%
13144 Autun
71%
Aucun quiz correspondant
Distribution des résultats
% des personnes avec chaque résultat
Percentile par nombre de réponses
Votre historique - résultats
Vous n’avez pas pris ce quiz